书目信息 |
| 题名: |
化工建设概算定额
|
|
| 作者: | ;化学工业工程造价管理总站 主编 | |
| 分册: | 上 | |
| 出版信息: | 北京 中国计划出版社 2016.04 |
|
| 页数: | 660页 | |
| 开本: | 30cm | |
| 丛书名: | ||
| 单 册: | ||
| 中图分类: | TQ050.7 | |
| 科图分类: | ||
| 主题词: | 化工设备--设备安装--概算定额 | |
| 电子资源: | ||
| ISBN: | 978-7-5182-0383-3 | |
| 000 | 01013nam0 2200253 450 | |
| 001 | 012016136163 | |
| 005 | 20170327084501.40 | |
| 010 | @a978-7-5182-0383-3@dCNY280.00,CNY560.00(全2册) | |
| 100 | @a20161109d2016 em y0chiy50 ea | |
| 101 | 0 | @achi |
| 102 | @aCN@b110000 | |
| 105 | @ak z 000yy | |
| 106 | @ar | |
| 200 | 1 | @a化工建设概算定额@9hua gong jian she gai suan ding e@h上 |
| 210 | @a北京@c中国计划出版社@d2016.04 | |
| 215 | @a660页@d30cm | |
| 314 | @a版权页题:化学工业工程造价管理总站主编 | |
| 330 | @a全书共十一册,主要包括:机械设备安装工程、工业管道工程、工业炉窑安装及砌筑工程、自动化控制仪表安装工程、建筑工程及建筑防腐蚀工程等内容。 | |
| 333 | @a本定额适用于化工、石油化工、煤化工、盐化工、精细化工工程建设项目的新建、改建和技术改造工程项目 | |
| 606 | 0 | @a化工设备@x设备安装@x概算定额 |
| 690 | @aTQ050.7@v5 | |
| 711 | 02 | @a化学工业工程造价管理总站@9hua xue gong ye gong cheng zao jia guan li zong zhan@4主编 |
| 801 | 0 | @aCN@b人天书店@c20161109 |
| 905 | @b981585-86@dTQ050.7@e289:1@f2 | |
| 化工建设概算定额.上.-北京:中国计划出版社,2016.04 |
| 660页;30cm |
| 使用对象:本定额适用于化工、石油化工、煤化工、盐化工、精细化工工程建设项目的新建、改建和技术改造工程项目 |
| ISBN 978-7-5182-0383-3:CNY280.00,CNY560.00(全2册) |
| 全书共十一册,主要包括:机械设备安装工程、工业管道工程、工业炉窑安装及砌筑工程、自动化控制仪表安装工程、建筑工程及建筑防腐蚀工程等内容。 |
| ● |
| 相关链接 |
|
|
|
|
正题名:化工建设概算定额
索取号:TQ050.7/289:1
 
预约/预借
| 序号 | 登录号 | 条形码 | 馆藏地/架位号 | 状态 | 备注 |
| 1 | 981585 | 209815850 | 第二样本阅览室/ [索取号:TQ050.7/289:1] | 在馆 | |
| 2 | 981586 | 209815869 | 第三借阅区/ [索取号:TQ050.7/289:1] | 在馆 |